Determinants of Health - Statistics

General Stats
  • This quiz has been taken 65 times
  • The average score is 45 of 54
Answer Stats
Question Tile Select % Correct
Behavioural Determinants of Health Birth Weight No
95%
Social Determinants of Health Blood Pressure No
95%
Behavioural Determinants of Health Alcohol Yes
92%
Behavioural Determinants of Health Blood Pressure No
92%
Social Determinants of Health Education Yes
92%
Behavioural Determinants of Health Income No
92%
Behavioural Determinants of Health Smoking Yes
92%
Behavioural Determinants of Health Activity Levels Yes
89%
Biological Determinants of Health Alcohol No
89%
Biological Determinants of Health Education No
89%
Biological Determinants of Health Income No
89%
Biological Determinants of Health Smoking No
89%
Biological Determinants of Health Social Protection No
89%
Social Determinants of Health Alcohol No
87%
Social Determinants of Health Body Weight No
87%
Biological Determinants of Health Body Weight Yes
87%
Social Determinants of Health Congenital Defects No
87%
Biological Determinants of Health Drug Use No
87%
Behavioural Determinants of Health Education No
87%
Biological Determinants of Health Housing No
87%
Biological Determinants of Health Sexual Activity No
87%
Behavioural Determinants of Health Social Protection No
87%
Social Determinants of Health Birth Weight No
84%
Biological Determinants of Health Birth Weight Yes
84%
Social Determinants of Health Employment Yes
84%
Biological Determinants of Health Employment No
84%
Biological Determinants of Health Food Security No
84%
Social Determinants of Health Housing Yes
84%
Behavioural Determinants of Health Housing No
84%
Behavioural Determinants of Health Immune Status No
84%
Social Determinants of Health Smoking No
84%
Biological Determinants of Health Activity Levels No
82%
Behavioural Determinants of Health Congenital Defects No
82%
Social Determinants of Health Diet No
82%
Behavioural Determinants of Health Drug Use Yes
82%
Behavioural Determinants of Health Family Predispositions No
82%
Social Determinants of Health Immune Status No
82%
Social Determinants of Health Income Yes
82%
Behavioural Determinants of Health Body Weight No
79%
Biological Determinants of Health Diet No
79%
Social Determinants of Health Drug Use No
79%
Behavioural Determinants of Health Food Security No
79%
Social Determinants of Health Social Protection Yes
79%
Social Determinants of Health Activity Levels No
76%
Biological Determinants of Health Blood Pressure Yes
76%
Biological Determinants of Health Congenital Defects Yes
76%
Behavioural Determinants of Health Employment No
76%
Biological Determinants of Health Immune Status Yes
74%
Social Determinants of Health Sexual Activity No
74%
Behavioural Determinants of Health Sexual Activity Yes
74%
Behavioural Determinants of Health Diet Yes
71%
Biological Determinants of Health Family Predispositions Yes
71%
Social Determinants of Health Family Predispositions No
68%
Social Determinants of Health Food Security Yes
63%
No matching quizzes found
Score Distribution
Percent of People with Each Score
Percentile by Number Answered
Your Score History
You have not taken this quiz